LEADER 00919nam0-22002651i-450- 001 990000144850403321 035 $a000014485 035 $aFED01000014485 035 $a(Aleph)000014485FED01 035 $a000014485 100 $a20011111d--------km-y0itay50------ba 101 0 $aita 105 $ay-------001yy 200 1 $aNuovo progetto di ampliamento della centrale ricevitrice e termica$erelazione generale con piano finanziario econsiderazioni economiche$fEnte Autonomo Volturno. 210 $aNapoli$cR. Tipografia F. Giannini e Figli$d1928 215 $a37 p., 11 tav.$cill.$d31 cm 710 02$aEnte autonomo Volturno$c$0333830 801 0$aIT$bUNINA$gRICA$2UNIMARC 901 $aBK 912 $a990000144850403321 952 $a13 MISC 706 11$b7799$fFINBC 959 $aFINBC 996 $aNuovo progetto di ampliamento della centrale ricevitrice e termica$9113115 997 $aUNINA DB $aING01 LEADER 01281nam0-22004091i-450- 001 990005519330203316 005 20050210120000.0 035 $a000551933 035 $aUSA01000551933 035 $a(ALEPH)000551933USA01 035 $a000551933 100 $a20050210d2004-------|0itac50------ba 101 $aita 102 $aIT 105 $a||||I ||||| 200 1 $a<> presenza straniera in Italia$ecaratteristiche socio-demografiche$epermessi di soggiorno al 1 gennaio degli anni 2001, 2002, 2003$fIstat 210 $aRoma$cIstat$d2004 215 $a113 p.$d26 cm.$e1 dischetto da 3.5". 225 2$aInformazioni$v10 311 $a2004$9USA5619 410 0$12001$aInformazioni$v10 606 $aImmigrazione Internazionale$2FI 620 $dRoma 676 $a325.45$cImmigrazione in Italia$v21 710 02$aIstituto centrale di statistica$0374421 712 $aistat 801 $aIT$bSOL$c20120104 912 $a990005519330203316 950 $aDIP.TO SCIENZE ECONOMICHE - (SA)$dDS 300 325.45 ist$e2004 DISES 951 $a300 325.45 ist$b663 DISES 959 $aBK 969 $aDISES 979 $c20121027$lUSA01$h1532 979 $c20121027$lUSA01$h1613 996 $aPresenza straniera in Italia$9237576 997 $aUNISA NUM $aUSA13363 LEADER 02783oam 2200493I 450 001 9910153186103321 005 20230810001415.0 010 $a1-315-35357-1 010 $a1-000-72600-2 010 $a0-367-81488-9 010 $a1-315-37070-0 010 $a1-4987-2400-0 024 7 $a10.1201/9781315370705 035 $a(CKB)3710000000960802 035 $a(MiAaPQ)EBC4747172 035 $a(OCoLC)964570988$z(OCoLC)965147743$z(OCoLC)966403514$z(OCoLC)967263100 035 $a(OCoLC-P)964570988 035 $a(FlBoTFG)9781498724005 035 $a(EXLCZ)993710000000960802 100 $a20161129d2017 uy 0 101 0 $aeng 135 $aurcnu---unuuu 181 $2rdacontent 182 $2rdamedia 183 $2rdacarrier 200 10$aPrecast concrete structures /$fKim S. Elliott 205 $aSecond edition. 210 1$aBoca Raton, FL :$cTaylor & Francis, CRC Press,$d2017. 215 $a1 online resource (733 pages) $cillustrations, photographs 311 1 $a0-367-02803-4 311 1 $a1-4987-2399-3 320 $aIncludes bibliographical references at the end of each chapters and index. 327 $a1. What is precast concrete -- 2. Materials used in precast structures -- 3. Precast frame analysis -- 4. Precast concrete floors -- 5. Precast concrete beams -- 6. Precast concrete columns -- 7. Shear walls -- 8. Horizontal floor diaphragms -- 9. Joints and connections -- 10. Beam and column connections -- 11. Ties in precast concrete structures -- 12. Design exercise for 10-storey precast skeletal frame. 330 $aThis second edition of Precast Concrete Structures introduces the conceptual design ideas for the prefabrication of concrete structures and presents a number of worked examples that translate designs from BS 8110to Eurocode EC2, before going into the detail of the design, manufacture, and construction of precast concrete multi-storey buildings. Detailed structural analysis of precast concrete and its use is provided and some details are presented of recent precast skeletal frames of up to forty storeys. The theory is supported by numerous worked examples to Eurocodes and European Product Standards for precast reinforced and prestressed concrete elements, composite construction, joints and connections and frame stability, together with extensive specifications for precast concrete structures. The book is extensively illustrated with over 500 photographs and line drawings. 606 $aPrecast concrete construction 615 0$aPrecast concrete construction. 676 $a624.1/83414 700 $aElliott$b Kim S.$043792 801 0$bOCoLC-P 801 1$bOCoLC-P 906 $aBOOK 912 $a9910153186103321 996 $aPrecast concrete structures$934099 997 $aUNINA